Представление документа в формате MARC21

Поле Инд. ПП Название Значение
Тип записи a
Библиографический уровень m
001 Контрольный номер UNIDUBNAc016d5f9797e47a2901be3338834f5c9
005 Дата корректировки 20260530133221.3
008 Кодируемые данные 20260522
022 0_ a ISSN 0130-1640
084 a Индекс другой классификации/Индекс ББК 72
090 a Полочн. индекс 95.2
099 a Индекс 73010
245 10 a Заглавие Знание - сила
n Номер части/ раздела №5/2026
b Продолж. заглавия ежемесячный научно-популярный и научно-художественный журнал
c Ответственность учредитель: Т. А. Алексеева, Р. И. Котов; гл. ред. Н. В. Алексеева
260 c Дата издания 2026
b Издательство Знание - сила
a Место издания Москва
300 a Объем 128 с.
500 a Примечание Журнал
505 0_ a Форматированное содержание Тунгусское диво
b Автор Кринов Е. Л.
n Доп. информация Сокращенный вариант публикации (полная публикация в №8/1951, журнал "Знание - сила")
505 0_ a Форматированное содержание "Здравствуйте, приветствую вас!"
b Автор Тарасова К.
n Доп. информация Фантастика
600 14 a Персоналии Август Октавиан (рим. император)
a Персоналии Александр II (рос. император)
a Персоналии Билибин Юрий Александрович
a Персоналии Битов Андрей Георгиевич
a Персоналии Вертов Дзига
a Персоналии Вишневский Александр Александрович
a Персоналии Голицын Владимир Михайлович
a Персоналии Козлов Роман Сергеевич
a Персоналии Кринов Евгений Леонидович
a Персоналии Кулик Леонид Алексеевич
a Персоналии Мясников Никита Федорович
a Персоналии Салтыков-Щедрин Михаил Евграфович
a Персоналии Туманский Сергей Константинович
a Персоналии Фаренгейт Даниэль Габриэль
a Персоналии Шереметевы
650 04 a Основная рубрика наука
653 0_ a Ключевые слова "Старинные ткани" (мастерская)
a Ключевые слова "Тунгусское диво"
a Ключевые слова "Хаббл" космический телескоп
a Ключевые слова III век
a Ключевые слова IV век
a Ключевые слова V век
a Ключевые слова XIX век
a Ключевые слова XVII век
a Ключевые слова XVIII век
a Ключевые слова XX век
a Ключевые слова XXI век
a Ключевые слова антибиотикорезистентность
a Ключевые слова архитектура
a Ключевые слова астрономия
a Ключевые слова Байкал
a Ключевые слова биология
a Ключевые слова болезнь Альцгеймера
a Ключевые слова Галактика
a Ключевые слова гастрономия
a Ключевые слова глобализация
a Ключевые слова деменция
a Ключевые слова добыча золота
a Ключевые слова документальное кино
a Ключевые слова жаккардовое ткачество
a Ключевые слова золотоносные месторождения
a Ключевые слова иглобрюховые
a Ключевые слова история
a Ключевые слова история развития
a Ключевые слова история создания
a Ключевые слова исусство
a Ключевые слова Кара-Дыт II
a Ключевые слова катализаторы
a Ключевые слова кибернетика
a Ключевые слова кинематограф
a Ключевые слова клиническая микробиология
a Ключевые слова Колымская экспедиция
a Ключевые слова космология
a Ключевые слова космос
a Ключевые слова кочевники
a Ключевые слова Кремль Московский
a Ключевые слова Куршская коса
a Ключевые слова Лена (река)
a Ключевые слова литература
a Ключевые слова математика
a Ключевые слова медведи
a Ключевые слова месторождения золота
a Ключевые слова Мигдала эффект
a Ключевые слова насекомые
a Ключевые слова неандертальцы
a Ключевые слова нефрит
a Ключевые слова орнитологические станции
a Ключевые слова освоение Сибири
a Ключевые слова памятник Александру II
a Ключевые слова писатели
a Ключевые слова поселение
a Ключевые слова психология
a Ключевые слова пушнина
a Ключевые слова пушной промысел
a Ключевые слова рак головного мозга
a Ключевые слова россыпное золото
a Ключевые слова рыбы
a Ключевые слова саранча
a Ключевые слова сверхвысокомолекулярный полиэтилен (СВМПЭ)
a Ключевые слова серосодержащая молекула
a Ключевые слова Сибирь
a Ключевые слова социология
a Ключевые слова темная материя
a Ключевые слова Тува
a Ключевые слова тугоплавкие металлы
a Ключевые слова Тунгусский метеорит
a Ключевые слова Урал
a Ключевые слова физика
a Ключевые слова философия
a Ключевые слова химия
a Ключевые слова черные дыры
a Ключевые слова экономика
700 12 a Автор Кринов Е. Л.
q Полное имя Кринов Евгений Леонидович
700 1_ a Автор Тарасова К.
q Полное имя Тарасова Кассандра
773 18 w Контрольный № источника RU/IS/BASE/412873501
900 a Имя электронного ресурса obl_znanie_sila_5_2026
x Справочная информация Обложка
901 t Тип документа s
952 a Тип литературы для КСУ ВШ НЖ
991 s 6